Music Quiz

Random Music or Song Quiz
Score 0/20 Timer 05:00
4 Plays Today
% Correct
Lennon, John - Imagine
92.9%
Led Zeppelin - Stairway to Heaven
92.4%
Lauper, Cyndi - Time After Time
89.5%
Lady Gaga - Born This Way
88.1%
Lopez, Jennifer - Jenny from the Block
87.4%
Lavigne, Avril - Complicated
84.1%
Lorde - Royals
83%
Lewis, Jerry Lee - Great Balls of Fire
82.8%
Little Richard - Tutti Frutti
82.8%
Los Del Rio - Macarena
78.1%
% Correct
Lynyrd Skynyrd - Sweet Home Alabama
77.7%
Loggins, Kenny - Danger Zone
70.9%
Lennox, Annie
Walking on Broken Glass
69.9%
Los Lobos - La Bamba
67.6%
LL Cool J - Mama Said Knock You Out
66.6%
Linkin Park - Numb
64.7%
Limp Bizkit - Rollin'
56.2%
Live - Lightning Crashes
55.7%
Lisa Loeb - Stay (I Missed You)
55.5%
Lil Wayne - Mirror
51.6%
Remove Ads.
Support Sporcle.
Get the best of Sporcle when you Go Orange. This ad-free experience offers more features, more stats, and more fun while also helping to support Sporcle. Thank you for becoming a member.

You're not logged in!

Compare scores with friends on all Sporcle quizzes.
OR
Log In

Sporcle TV

Today on Sporcle TV


Watch our educational content, quiz creation guides, and fun videos on Sporcle TV.

Show Comments

Extras

Top Quizzes Today


Score Distribution

Paid Content

Your Account Isn't Verified!

In order to create a playlist on Sporcle, you need to verify the email address you used during registration. Go to your Sporcle Settings to finish the process.

Report this User

Report this user for behavior that violates our Community Guidelines.

Details: